La Ley llamada del "Candado" y la oposición católica en las Cortes : (Record n. 31534)

Dettagli MARC
000 -LEADER
fixed length control field 00909nam a2200217 i 4500
003 - CONTROL NUMBER IDENTIFIER
control field IT-RoINE
005 - DATE AND TIME OF LATEST TRANSACTION
control field 20190725094444.0
008 - FIXED-LENGTH DATA ELEMENTS--GENERAL INFORMATION
fixed length control field 030124s191- sp af |r 000|||spa|d
040 ## - CATALOGING SOURCE
Transcribing agency IT-RoINE
Modifying agency IT-RoINE
245 03 - TITLE STATEMENT
Title La Ley llamada del "Candado" y la oposición católica en las Cortes :
Remainder of title colección de discursos pronunciados por los reverendos prelados y por los representantes de las minorías tradicionalistas.
246 3# - VARYING FORM OF TITLE
Title proper/short title Kulturkamf español, primera etapa
260 ## - PUBLICATION, DISTRIBUTION, ETC. (IMPRINT)
Place of publication, distribution, etc Madrid :
Name of publisher, distributor, etc El Correo Español,
Date of publication, distribution, etc [191-?]
300 ## - PHYSICAL DESCRIPTION
Extent 511 p., [18] h. de lám. :
Dimensions il. ;
Other physical details 23 cm.
336 ## - CONTENT TYPE
Source rdacontent
Content type term text
337 ## - MEDIA TYPE
Source rdamedia
Media type term unmediated
338 ## - CARRIER TYPE
Source rdacarrier
Carrier type term volume
500 ## - GENERAL NOTE
General note Precede al tít.: El Kulturkamf español, primera etapa.
650 04 - SUBJECT ADDED ENTRY--TOPICAL TERM
Topical term or geographic name as entry element Monacato y órdenes religiosas
General subdivision Derecho
Geographic subdivision España
9 (RLIN) 61814
650 04 - SUBJECT ADDED ENTRY--TOPICAL TERM
Topical term or geographic name as entry element Sociedades religiosas
General subdivision Derecho
Geographic subdivision España
9 (RLIN) 61815
942 ## - ADDED ENTRY ELEMENTS (KOHA)
Item type Monografías
Dati di copia
Withdrawn status Lost status Damaged status Not for loan Home library Current library Date acquired Total Checkouts Full call number Barcode Date last seen Price effective from Koha item type Public note
        Iglesia Nacional Española en Roma Iglesia Nacional Española en Roma 25/07/2019   DER 296.1 57998 25/07/2019 25/07/2019 Monografías Encuadernado con: "Discurso de Don Juan Vázquez Mella, diputado por Pamplona en la sesión del 27 de febrero de 1908"